ब्रह्मभ्यास / (Record no. 15057)
[ view plain ]
| 000 -LEADER | |
|---|---|
| fixed length control field | 01195 a2200253 4500 |
| 005 - DATE AND TIME OF LATEST TRANSACTION | |
| control field | 20080825112722.0 |
| 008 - FIXED-LENGTH DATA ELEMENTS--GENERAL INFORMATION | |
| fixed length control field | 080825t xxu||||| |||| 00| 0 hin d |
| 010 ## - LIBRARY OF CONGRESS CONTROL NUMBER | |
| LC control number | HIN-84068 |
| 020 ## - INTERNATIONAL STANDARD BOOK NUMBER | |
| Terms of availability | 175.00 |
| International Standard Book Number | 8188711128 |
| 035 ## - SYSTEM CONTROL NUMBER | |
| System control number | HN-56414 |
| 037 ## - SOURCE OF ACQUISITION | |
| Stock number | DBAD / PUB |
| 040 ## - CATALOGING SOURCE | |
| Original cataloging agency | DPL |
| Language of cataloging | HN |
| 082 ## - DEWEY DECIMAL CLASSIFICATION NUMBER | |
| Classification number | 230.65 |
| 100 ## - MAIN ENTRY--PERSONAL NAME | |
| Personal name | ठाकुर, करूणेश |
| 245 ## - TITLE STATEMENT | |
| Title | ब्रह्मभ्यास / |
| Statement of responsibility, etc | करूणेश ठाकुर |
| 246 ## - VARYING FORM OF TITLE | |
| Title proper/short title | Brahmabhyas |
| Remainder of title | by Karunesh Thakur |
| 260 ## - PUBLICATION, DISTRIBUTION, ETC. (IMPRINT) | |
| Place of publication, distribution, etc | नई दिल्ली |
| Name of publisher, distributor, etc | अनन्त साहित्य |
| Date of publication, distribution, etc | 2006 |
| 270 ## - ADDRESS | |
| Address | 3072/5, प्रताप, स्ट्रीट, गोला मार्किट, दरियागंज |
| City | नई दिल्ली |
| Postal code | 110002 |
| 300 ## - PHYSICAL DESCRIPTION | |
| Extent | 152पृ |
| Dimensions | 22सेमी (सजिल्द) |
| 650 ## - SUBJECT ADDED ENTRY--TOPICAL TERM | |
| Topical term or geographic name as entry element | हिन्दू धर्म |
| General subdivision | ब्रह्मभ्यास |
| 650 ## - SUBJECT ADDED ENTRY--TOPICAL TERM | |
| Topical term or geographic name as entry element | Hindu religion |
| General subdivision | Bramabhyaasa |
| 942 ## - ADDED ENTRY ELEMENTS (KOHA) | |
| Institution code [OBSOLETE] | dpl |
| Koha item type | Hindi Books |
| Source of classification or shelving scheme | Dewey Decimal Classification |
| Call number suffix | ठाकुर |
| Classification part | 230.65 |
| Withdrawn status | Lost status | Damaged status | Not for loan | Collection code | Home library | Current library | Date acquired | Source of acquisition | Cost, normal purchase price | Total Checkouts | Full call number | Barcode | Date last seen | Copy number | Cost, replacement price | Price effective from | Koha item type |
|---|---|---|---|---|---|---|---|---|---|---|---|---|---|---|---|---|---|
| Not For Loan | Non-fiction | D.B.Act.Division | D.B.Act.Division | 25/08/2008 | DBAD / PUB | 175.00 | 230.65 ठाकुर | HN-56414 | 15/09/2008 | 1 | 175.00 | 15/09/2008 | Hindi Books |
